Central Library || Chittagong University

Pharmaceutical analysis ; (Record no. 102364)

MARC details
000 -LEADER
fixed length control field 00547nam a22001937a 4500
003 - CONTROL NUMBER IDENTIFIER
control field BD-ChCU
005 - DATE AND TIME OF LATEST TRANSACTION
control field 20230725122104.0
008 - FIXED-LENGTH DATA ELEMENTS--GENERAL INFORMATION
fixed length control field 230725b ii ||||| |||| 00| 0 eng d
020 ## - INTERNATIONAL STANDARD BOOK NUMBER
International Standard Book Number 9788123916927
040 ## - CATALOGING SOURCE
Transcribing agency BD-ChCU
082 ## - DEWEY DECIMAL CLASSIFICATION NUMBER
Edition number 22
Classification number 615.1901
Item number K18p
100 ## - MAIN ENTRY--PERSONAL NAME
Personal name Kar,Ashutosh
9 (RLIN) 1996
245 ## - TITLE STATEMENT
Title Pharmaceutical analysis ;
Remainder of title theory methodology and drug assay
Statement of responsibility, etc. Ashutosh Kar
260 ## - PUBLICATION, DISTRIBUTION, ETC.
Place of publication, distribution, etc. New Delhi ;
Name of publisher, distributor, etc. CBs Pub.
Date of publication, distribution, etc. c2017
300 ## - PHYSICAL DESCRIPTION
Extent V ;1-2
504 ## - BIBLIOGRAPHY, ETC. NOTE
Bibliography, etc. note Includes Index.
650 #0 - SUBJECT ADDED ENTRY--TOPICAL TERM
Topical term or geographic name entry element Pharmaceutical Analysis
9 (RLIN) 1998
942 ## - ADDED ENTRY ELEMENTS (KOHA)
Source of classification or shelving scheme Dewey Decimal Classification
Koha item type Books
Suppress in OPAC No
Holdings
Withdrawn status Lost status Source of classification or shelving scheme Damaged status Not for loan Home library Current library Date acquired Source of acquisition Total Checkouts Full call number Barcode Date last seen Copy number Price effective from Koha item type
    Dewey Decimal Classification     Chittagong University Library Chittagong University Library 07/25/2023 purchase   615.1901K18p V ;1 313038 07/25/2023 C-1 07/25/2023 Books
    Dewey Decimal Classification     Chittagong University Library Chittagong University Library 07/25/2023 purchase   615.1901K18p V ;1 313039 07/25/2023 C-2 07/25/2023 Books
    Dewey Decimal Classification     Chittagong University Library Chittagong University Library 07/25/2023 purchase   615.1901K18p V ;1 313040 07/25/2023 C-3 07/25/2023 Books
    Dewey Decimal Classification     Chittagong University Library Chittagong University Library 07/25/2023 purchase   615.1901K18p V ;2 313041 07/25/2023 C-1 07/25/2023 Books
    Dewey Decimal Classification     Chittagong University Library Chittagong University Library 07/25/2023 purchase   615.1901K18p V ;2 313042 07/25/2023 C-2 07/25/2023 Books
    Dewey Decimal Classification     Chittagong University Library Chittagong University Library 07/25/2023 purchase   615.1901K18p V ;2 313043 07/25/2023 C-3 07/25/2023 Books
    Dewey Decimal Classification     Chittagong University Library Chittagong University Library 10/29/2024     615.1901K18p V ;1 328933 10/29/2024 C-4 10/29/2024 Books
    Dewey Decimal Classification     Chittagong University Library Chittagong University Library 10/29/2024     615.1901K18p V ;2 328936 10/29/2024 C-4 10/29/2024 Books
    Dewey Decimal Classification     Chittagong University Library Chittagong University Library 10/29/2024     615.1901K18p V ;1 328934 10/29/2024 C-5 10/29/2024 Books
    Dewey Decimal Classification     Chittagong University Library Chittagong University Library 10/29/2024     615.1901K18p V ;1 328935 10/29/2024 C-6 10/29/2024 Books
    Dewey Decimal Classification     Chittagong University Library Chittagong University Library 10/29/2024     615.1901K18p V ;2 328937 10/29/2024 C-5 10/29/2024 Books
    Dewey Decimal Classification     Chittagong University Library Chittagong University Library 10/29/2024     615.1901K18p V ;2 328938 10/29/2024 C-6 10/29/2024 Books
© Copyright 2025. Chittagong University Library, Installation and Maintenance by Prof. Dr. Md. Alamgir, 01711306253